Biggest and Smallest Capital Cities (population) - Statistics

General Stats
  • This quiz has been taken 18 times
  • The average score is 9 of 40
Answer Stats
Hint Answer % Correct
100.0% Vatican City
81%
100.0% Singapore
63%
2.39% New Delhi
56%
0.22% Washington D.C.
56%
2.46% Ottawa
50%
1.5% Beijing
44%
2.19% Brasilia
38%
38.28% Bridgetown
31%
1.55% Canberra
31%
82.68% Doha
31%
41.98% Kingston
31%
33.98% Lima
31%
60.73% Djibouti
25%
41.67% Manama
25%
39.76% Montevideo
25%
67.67% Nassau
25%
36.0% Reykjavik
25%
55.09% Bandar Seri Begawan
19%
34.27% Buenos Aires
19%
1.63% Sucre
19%
39.28% Amman
13%
1.54% Bern
13%
0.94% Bloemfontein
13%
0.69% Dodoma
13%
3.29% Kampala
13%
1.62% Manilla
13%
3.67% San Salvador
13%
32.49% Santo Domingo
13%
0.54% Sri Jayawardenepura Kotte
13%
0.81% Yamoussoukro
13%
1.3% Banjul
6%
52.83% Funafuti
6%
1.46% Khartoum
6%
38.14% Paramaribo
6%
2.65% Port of Spain
6%
2.18% Porto-Novo
6%
32.79% São Tome
6%
32.15% Tallinn
6%
1.14% Gitega
0%
36.28% Yerevan
0%
No matching quizzes found
Score Distribution
Percent of People with Each Score
Percentile by Number Answered
Your Score History
You have not taken this quiz